000 00543nam a2200205Ia 4500
001 11420
003 IVS
005 20250626030858.0
008 211022s9999 xx 000 0 und d
040 _cIVS
082 _a746 KHA
100 _aKhadija Akram
245 0 _aCostumes of different communities in Karachi (Part 2)
260 _aKarachi
260 _bIndus Valley School
260 _c2002
300 _a65
856 _uhttps://drive.google.com/file/d/1A8sJMwkvZ0CGLug41ASOF27jLymbUtfG/view?usp=sharing
942 _cDISS
_n0
_2ddc
999 _c13570
_d13570